| 000 | 01120nam0a22002771 4500 | ||
|---|---|---|---|
| 001 | rc\3382998 | ||
| 005 | 20130115153942.1 | ||
| 021 |
_aRU _b74-47700 |
||
| 021 |
_aRU _bРг7675-74 |
||
| 035 | _a(NLR Aleph) 007453640 | ||
| 090 |
_a7242498 _c7242498 |
||
| 100 | _a20130115d1974 |||y0rusy50 ca | ||
| 101 | 0 | _arus | |
| 102 | _aRU | ||
| 105 | _aa z ||||| | ||
| 200 | 1 |
_aАктивизация мыслительной деятельности учащихся на уроках физики _eРекомендации для учителей физики _fКуйбышев. обл. ин-т усовершенствования учителей |
|
| 210 |
_aКуйбышев _cБ. и. _d1974 |
||
| 215 |
_a30 с. _cил. _d19 |
||
| 300 | _aНа обороте тит. л. сост.: Кашникова, А.Г. | ||
| 702 | 1 |
_aКашникова _bА. Г. _4220 |
|
| 712 | 0 | 2 |
_aКуйбышевский обл. институт усовершенствования учителей _3RU\NLR\AUTH\889917121 |
| 801 | 0 |
_aRU _bNLR _gpsbo |
|
| 801 | 1 |
_aRU _bELAR _2rusmarc |
|
| 852 |
_aNLR _j74-4/10095 |
||
| 942 | _cBOOK | ||
| 980 | _aNB | ||